Responses for show #5036 - Monday, July 3, 2006

Contestants

[<< previous game]

Judy Rudnick, a physician from Honolulu, Hawaii

Mike Pesca, a reporter from New York, New York

Susannah Jacobson, a communications assistant from Madison, Wisconsin (whose 1-day cash winnings total $37,201)

[next game >>]

Jeopardy! Round responses

BIBLICAL PEOPLE
SEANs, SHAWNs & SHAUNs
A MIGHTY WIND
HULL OF FAME
NO. 1 U.S. BABY NAMES
"SMALL" TIME
    $200 27
Mary Magdalene

Mike
    $200 1
Sean Connery

Susannah
    $200 18
Maria

Judy
    $200 6
(Mike: What is the Santa María?)

the Niña

SusannahMike
    $200 16
Mary

Mike
    $200 8
small claims

Mike
    $400 28
Jezebel

Susannah
    $400 2
Sean Penn

Susannah
    $400 19
knots

Mike
    $400 7
the Flying Dutchman

Mike
    $400 17
Michael

Judy
    $400 12
small fry

Judy
    $600 24
(Mike: Who is Lot?)
...
(Alex: It was [*]. That's why it took him so long to build a boat.)

Noah

Mike
Triple Stumper
    $600 3
Shawn Wayans

Mike
    $600 29
the jet stream

Judy
    $600 14
the Edmund Fitzgerald

Mike
    $600 20
(Alex: For [*] Dean, yes.)

James

Susannah
    $600 13
"All creatures great and small"

Susannah
    $1,600 25
(Mike: Who is Peter?)
(Alex: Oh, you picked the wrong one. St. [*]. St. [*]. Did a lot of traveling, a lot of preaching.)
(Mike: Right.)

Paul

Mike
    $800 4
Sean Hannity

Mike
    $800 30
a cyclone

Mike
    $800 15
(Alex: What's the most famous survey ship in history? [*].)

the HMS Beagle

Triple Stumper
    $800 21
(Alex: [*], for [*] Post, yeah.)

Emily

Susannah
    $800 10
small scale

Triple Stumper
    $1000 26
Esau

Susannah
    $1000 5
Shaun Cassidy

Mike
    $1000 11
scirocco

Judy
    $1000 23
(Mike: What is the USS Constitution?)
...
(Alex: John Paul Jones's [*].)

the Bonhomme Richard

Mike
Triple Stumper
    $1000 22
Jessica

Mike
    $1000 9
smallpox

Mike

Scores at the first commercial break (after clue 16):

Susannah Mike Judy
$1,400 $4,600 $1,400

Scores at the end of the Jeopardy! Round:

Susannah Mike Judy
$4,200 $3,800 $2,600

Double Jeopardy! Round responses

ZOOLOGY
WE LOVE BROADWAY
VICE PRESIDENTIAL MONOGRAMS
(Alex: You have to identify the vice president--we don't need the full name.)
LITERARY CHARACTERS
THE U.S. CENSUS
3 Es FOR ME!
(Alex: ...and each correct response will contain three "E"s.)
    $400 12
a jellyfish

Mike
    $400 3
Barefoot in the Park

Susannah
    $400 24
Hubert Humphrey

Susannah
    $400 7
Ichabod Crane

Susannah
    $400 13
(Susannah: What is Los Angeles?)

New York

SusannahMike
    $400 1
cemetery

Mike
    $800 19
a python

Mike
    $800 4
Phantom of the Opera

Mike
    $800 25
Albert Gore

Triple Stumper
    $800 8
(Mike: Who are the King's Guard?)
...
(Alex: Bad guys.)

knights

Mike
Triple Stumper
    $800 17
(Judy: What is Massachusetts?)

Puerto Rico

SusannahJudy
    $800 18
secede

Judy
    $1200 21
(Susannah: What is the ostrich?)

the emu

SusannahJudy
    $1200 5
Ireland

Susannah
    $1200 20
Quayle

Judy
    $1200 9
(Susaannah: Who are The Brothers Karamazov?)

Crime and Punishment

Susannah
Triple Stumper
    $1200 14
the Department of Commerce

Triple Stumper
    $1200 28
pedigree

Susannah
    $1,600 22
(Judy: What is an anteater?)

armadillo

Judy
    $1600 2
Ali MacGraw

Susannah
    $1600 26
Spiro Agnew

Susannah
    $1600 10
Rabbit

Judy
    $1600 15
(Mike: What's Utah?)

Montana

Mike
Triple Stumper
    $1600 29
(Susannah: What is Monsignor?)
(Mike: What is eminency?--)
(Alex: Uh...)
(Mike: --[*]!)
(Alex: No.)
[Before Final Jeopardy! the judges checked the tape and ruled that Mike corrected himself before Alex said "no" thus advancing him to the lead instead of second going into the Final.]

eminence

SusannahMikeJudy
    $2000 23
the wooly bear

Susannah
    $2000 6
The Pajama Game

Susannah
    $2000 27
Walter F. Mondale

Mike
    $2000 11
Grub

Triple Stumper
    $3,400 16
(Mike: I'm gonna go all in.)
(Alex: All right. All--this is not, uh, Texas hold 'em, but, uh, you'll have $6,800, and you'll be in second place if you are correct on this clue.)
...
(Alex: [*]--where they play a lot of Texas hold 'em.)

Nevada

Mike
    $2000 30
(Susannah: What is a bateau neckline?)
(Judy: What is a negligée?)
(Susannah: Oh!)
(Alex: What would you say now, Susannah?)
(Susannah: [*].)
(Alex: That's right.)

decolletage (or décolleté)

SusannahJudy
Triple Stumper

Scores at the end of the Double Jeopardy! Round:

Susannah Mike Judy
$9,400 $11,200 $4,600

[wagering suggestions for these scores]

Final Jeopardy! Round responses

OSCAR-WINNING SINGERS
(Alex: [Reading Mike's response] Who are Sinatra and... it looks like Smith. Which Smith were you thinking of?)
(Mike: Oh, let's say Will Smith.)
JudyWho are Barb. Streisand & ?
$0
SusannahWho are Barbra Streisand and Jamie Foxx?
$9,400
MikeWho are Sinatra Smith
$7,676
(2 of) Bing Crosby, Frank Sinatra, Barbra Streisand, & Jamie Foxx

Final scores:

Susannah Mike Judy
$18,800 $3,524 $4,600
2-day champion: $56,001 3rd place: $1,000 2nd place: $2,000

Game dynamics:

Coryat scores:

Susannah Mike Judy
$9,400 $11,400 $6,200
18 R,
5 W
20 R
(including 1 DD),
6 W
(including 1 DD)
10 R,
3 W
(including 1 DD)

Combined Coryat: $27,000

The J! Archive is created by fans, for fans. The Jeopardy! game show and all elements thereof, including but not limited to copyright and trademark thereto, are the property of Jeopardy Productions, Inc. and are protected under law. This website is not affiliated with, sponsored by, or operated by Jeopardy Productions, Inc. Join the discussion at JBoard.tv.